000 00760aam a2200289 i 4500
001 768714001
003 CO-MdFUSB
005 20250430084104.0
007 ta
008 250430t1958 enk |||| |||| 00| 0 eng d
040 _cCO-MdFUSB
041 0 _aeng
082 0 4 _a239
_223
_bS5417p
100 1 _aSheen, Fulton J. (John) (1895-1979)
_eautor
245 1 0 _aPeace of soul
_c/ Fulton J. Sheen
264 1 _bBurns and Oates,
_aLondres, Inglaterra :
_c[1958]
264 4 _c©1958
300 _a190 páginas
336 _atexto
_btxt
_2rdacontent
337 _2rdamedia
_asin mediación
_bn
338 _2rdacarrier
_avolumen
_bnc
563 _aRústico
650 7 _aApologética
_9187
942 _cBK
945 _aJTF-925
999 _c35625
_d35625